[Event "Corrientes City-ch"]
[Site "Corrientes"]
[Date "2022.05.14"]
[Round "1"]
[White "Gonzalez, Alejandro Raul"]
[Black "Navas, Mario"]
[Result "1-0"]
[WhiteElo "1766"]
[BlackElo "1334"]
[PlyCount "81"]
[EventDate "2022.05.14"]
[EventType "swiss"]
[EventRounds "6"]
[EventCountry "ARG"]
[SourceTitle "CBM 208 Extra"]
[Source "ChessBase"]
[SourceDate "2022.07.31"]
[SourceVersion "1"]
[SourceVersionDate "2022.07.31"]
[SourceQuality "1"]

1. e4 e6 2. d4 d5 3. exd5 exd5 4. Nf3 Nf6 5. Bg5 Be7 6. Bd3 Nc6 7. c3 h6 8. Bh4 Bg4 9. Nbd2 Qd7 10. Qc2 g5 11. Bg3 Nh5 12. 0-0-0 Nxg3 13. fxg3 0-0-0 14. h3 Be6 15. Bb5 f6 16. Qa4 Kb8 17. Bxc6 Qxc6 18. Qxc6 bxc6 19. Rde1 Rd6 20. Re2 Re8 21. Rhe1 Bf8 22. Nb3 h5 23. Nc5 g4 24. hxg4 hxg4 25. Nd2 Bh6 26. Rxe6 Red8 27. Re8 Bg5 28. R1e6 f5 29. Kd1 a5 30. Ndb3 Ka7 31. Nxa5 Rb8 32. Rxb8 Kxb8 33. Nxc6+ Kc8 34. Re8+ Bd8 35. Rxd8+ Rxd8 36. Nxd8 Kxd8 37. Kd2 Ke7 38. Ke3 Kf6 39. Kf4 Kg6 40. a4 Kf6 41. a5 1-0